00440 2200169 4500001002100000005001500021008004100036020001800077035001900095041000700114082001000121090001600131100003700147245002700184260003500211300002400246INLIS00000000002096120241224130941241224||||||||| | ||| |||| || |  a979-002-378-2 0010-1224020961 aid0 a634.6 a634.6 SRI b0 aSriani Sujiprihati, Ketty Suketi00aBUDIDAYA PEPAYA UNGGUL aJakartabPenebar Swadayac2009 a92 hlm.;ilus.;23 cm